| 000 | 00924nam a22002417a 4500 | ||
|---|---|---|---|
| 005 | 20240530110506.0 | ||
| 008 | 151011s2011 ua oab g 000 0 ara d | ||
| 017 |
_a2011/16832 _bمصر . دار الكتب المصرية |
||
| 020 | _a9789775023063 | ||
| 040 | _aEG-CaGPL | ||
| 082 | 0 | 4 |
_221 _a341.5/ _bم خ |
| 100 | 0 | _aمحمد زكى عكاشة . | |
| 245 | 1 | 0 |
_aخفايا الصراع العربى الاسرائيلى : _bمن بازل الى كامب ديفيد / _cمحمد زكى عكاشة . |
| 250 | _aط1. | ||
| 260 |
_aالقاهرة : _bدار كتابات ، _c2011 . |
||
| 300 |
_a247 ص : _bايض ؛ _c24 سم |
||
| 650 | 0 | 4 | _aالنزاع العربى الاسرائيلى . |
| 650 | 0 | 4 | _aالقضية الفلسطينية . |
| 650 | 0 | 4 | _aحرب اكتوبر 1973 . |
| 651 | 0 | 4 |
_aمصر _xاتفاقيات كامب ديفيد . |
| 942 |
_2ddc _cBK |
||
| 999 |
_c61571 _d61571 |
||